000 01257nam a2200289 a 4500
001 000017780
005 20240307073947.0
008 100331s2004 dr ac 000 0bspa d
020 _a9993497274
040 _aDO-SdBNP
_bspa
_cBNPHU
082 _a920.72
_bD542u
100 1 _aDíaz S., Fidias Omar
_938663
245 1 3 _aLa UASD ametrallada y Sagrario asesinada /
_cFidias Omar Díaz S. ; presentación Emma Polanco Melo ; prólogo Roberto Cassá.
260 _aSanto Domingo :
_bUASD,
_c2004.
300 _a166 P. :
_bil., retr. ;
_c21 cm.
490 1 _aPublicaciones de la Universidad Autónoma de Santo Domingo ;
_v1135
490 1 _aHistoria y sociedad ;
_v104
600 1 4 _aDÍAZ, SAGRARIO,
_d1946-1972
_926810
650 4 _aEstudiantes universitarios
_xActividades políticas
_931160
651 4 _aRepública Dominicana
_yPOLÍTICA Y GOBIERNO 1966-1978
_938664
650 4 _aMovimientos estudiantiles
_xHistoria
_ySIGLO XX
_938665
700 1 2 _aPolanco Melo, Emma,
_91975
700 1 2 _aCassá, Roberto,
_d1948-
_epról.
_910888
710 1 _aUniversidad Autónoma de Santo Domingo
_972951
830 0 _aPublicaciones de la Universidad Autónoma de Santo Domingo ;
_v1135
_pHistoria y sociedad ;
_n104
_938666
910 _aValidado. Control de calidad MFF
999 _c17305
_d17305